• 首页
  • 本馆介绍
  • 公告通知
  • 最新文献
  • 馆藏检索
  • 电子资源
  • 读者导购
  • 参考咨询
  • 我的图书馆
  • 登录
  • 详细信息显示
  • 放入我的书架
  • 预约/预借图书
  • 作者相关作品
  • 分类相关作品
  • 丛书相关作品
  • 出版社相关作品

书目信息

  • 表格格式
  • 工作单格式
  • 卡片格式
题名:
高尔夫运动从入门到精通
    
 
作者: 申普 , 马特松 著 ;唐翀 译
分册:  
出版信息: 北京   人民邮电出版社  2018.08
页数: xxviii, 223页
开本: 24cm
丛书名:
单 册:
中图分类: G849.3-64
科图分类:
主题词: 高尔夫球运动--gao er fu qiu yun dong--图解
电子资源:
ISBN: 978-7-115-48579-3
000 01558nam0 2200301 450
001 CAL 0120182526697
005 20181203153516.84
010    @a978-7-115-48579-3@b@dCNY128.00
100    @a20180731d2018 em y0chiy50 ea
101 1  @achi@ceng@cswe
102    @aCN@b110000
105    @aak z 000yy
106    @ar
200 1  @a高尔夫运动从入门到精通@Agao er fu yun dong cong ru men dao jing tong@e全彩图解@f(美) 保罗·G.申普, (瑞典) 彼得·马特松著@d= Golf steps to succes@fPaul G. Schempp, Peter Mattsson@g唐翀译@zeng
210    @a北京@c人民邮电出版社@d2018.08
215    @axxviii, 223页@c彩图@d24cm
305    @a据原书第2版译出
314    @a保罗·G.申普是美国佐治亚大学运动指导研究实验室的主任, 同时也是一位教授。彼得·马特松, 担任瑞典体育联合会的精英球员主管。唐翀, 清华大学经济管理学院全日制工商管理硕士, 清华大学学生高尔夫球协会创始人。
330    @a本书首先介绍了包括球场、装备、计分方法、规则在内的高尔夫运动基础知识, 接着讲解了推球、切球、劈起球、击球准备及全挥杆等基础高尔夫运动技术, 并在此基础上对高尔夫球落点不利、在长草区或沙坑击球等不同情况下的击球技巧进行了全面解读。此外, 本书介绍了通过比赛、心理训练以及根据球场环境灵活选择击球策略的训练提升运动表现的方法。
500 10 @aGolf steps to succes@mChinese
606 0  @a高尔夫球运动@Agao er fu qiu yun dong@j图解
690    @aG849.3-64@v5
701  1 @a申普@Ashen pu@g(Schempp, Paul G.)@4著
701  1 @a马特松@Ama te song@g(Mattsson, Peter)@4著
702  0 @a唐翀@Atang chong@4译
801  0 @aCN@b人天书店@c20180731@g
905    @aBZT@dG849.3-64@e1
906    @dCNY128.00@n3@r1
    
    高尔夫运动从入门到精通:全彩图解/(美) 保罗·G.申普, (瑞典) 彼得·马特松著= Golf steps to succes/Paul G. Schempp, Peter Mattsson/唐翀译.-北京:人民邮电出版社,2018.08
    xxviii, 223页:彩图;24cm
    
    
    ISBN 978-7-115-48579-3:CNY128.00
    本书首先介绍了包括球场、装备、计分方法、规则在内的高尔夫运动基础知识, 接着讲解了推球、切球、劈起球、击球准备及全挥杆等基础高尔夫运动技术, 并在此基础上对高尔夫球落点不利、在长草区或沙坑击球等不同情况下的击球技巧进行了全面解读。此外, 本书介绍了通过比赛、心理训练以及根据球场环境灵活选择击球策略的训练提升运动表现的方法。
●
相关链接 在五车中查询图书 在当当中查询图书 在豆瓣中查询图书


正题名:高尔夫运动从入门到精通     索取号:G849.3-64/1         预约/预借

序号 登录号 条形码 馆藏地/架位号 状态 备注
1 853235   2000853235   第二书库/ [索取号:G849.3-64/1] 在馆    
2 853236   2000853236   第二书库/ [索取号:G849.3-64/1] 在馆    
3 853237   2000853237   第二书库/ [索取号:G849.3-64/1] 在馆    
山东省滨州职业学院图书馆 欢迎您!
大连网信软件有限公司© 版权所有